LEADER 01954nam 2200613 a 450 001 9910462255103321 005 20200520144314.0 010 $a3-11-097685-4 024 7 $a10.1515/9783110976854 035 $a(CKB)2670000000249497 035 $a(EBL)3040956 035 $a(SSID)ssj0000751093 035 $a(PQKBManifestationID)11409471 035 $a(PQKBTitleCode)TC0000751093 035 $a(PQKBWorkID)10751232 035 $a(PQKB)10037803 035 $a(MiAaPQ)EBC3040956 035 $a(DE-B1597)48816 035 $a(OCoLC)952748613 035 $a(OCoLC)979907947 035 $a(DE-B1597)9783110976854 035 $a(Au-PeEL)EBL3040956 035 $a(CaPaEBR)ebr10591205 035 $a(OCoLC)922943760 035 $a(EXLCZ)992670000000249497 100 $a19920522d1993 uy 0 101 0 $aeng 135 $aur|n|---||||| 181 $ctxt 182 $cc 183 $acr 200 00$aInformation sources in chemistry$b[electronic resource] /$feditors, R.T. Bottle, J.F.B. Rowland 205 $a4th ed. 210 $aLondon ;$aNew York $cBowker-Saur$dc1993 215 $a1 online resource (360 p.) 225 1 $aGuides to information sources 300 $aRev. ed. of: Use of chemical literature. 3rd ed. 1979. 311 $a3-598-24424-X 320 $aIncludes bibliographical references and indexes. 327 $asection A. General sources -- section B. Pure chemistry -- section C. Industrial chemistry -- section D. Conclusion. 410 0$aGuides to information sources (London, England) 606 $aChemical literature 608 $aElectronic books. 615 0$aChemical literature. 676 $a540/.72 701 $aBottle$b R. T$01036316 701 $aRowland$b J. F. B$01036317 801 0$bMiAaPQ 801 1$bMiAaPQ 801 2$bMiAaPQ 906 $aBOOK 912 $a9910462255103321 996 $aInformation sources in chemistry$92456565 997 $aUNINA LEADER 02262nas 2200781-a 450 001 996216549803316 005 20240322174037.0 011 $a1572-8730 035 $a(DE-599)ZDB1478982-6 035 $a(OCoLC)38267285 035 $a(CKB)954927379254 035 $a(CONSER)--2004233318 035 $a(EXLCZ)99954927379254 100 $a19980126a19539999 s-- a 101 0 $aeng 135 $aurmnu|||||||| 181 $ctxt$2rdacontent 182 $cc$2rdamedia 183 $acr$2rdacarrier 200 10$aStudia logica 210 $aWarszawa [Poland] $cPanstwowe Wydawnictwo Naukowe$d1953- 210 2 $a[Dordrecht] $cKluwer Academic Publishers 210 3 $a[Dordrecht] $cSpringer Netherlands 215 $a1 online resource 300 $aRefereed/Peer-reviewed 300 $a"An international journal for symbolic logic." 300 $aTitle from issue title page (JSTOR, viewed October 31, 2008). 311 $a0039-3215 531 $aSTUDIA LOGICA AN INTERNATIONAL JOURNAL FOR SYMBOLIC LOGIC 531 $aSTUDIA LOGICA 531 $aSTUD. LOG 531 $aSTUD LOGICA 531 0 $aStud. log. 606 $aLogic$vPeriodicals 606 $aPhilosophy$vPeriodicals 606 $aLogique$vPériodiques 606 $aPhilosophie$vPériodiques 606 $aLogic$2fast 606 $aPhilosophy$2fast 608 $aperiodicals.$2aat 608 $aPeriodicals$2fast 608 $aZeitschrift$2gnd-content 608 $aPeriodicals.$2lcgft 608 $aPériodiques.$2rvmgf 610 00$afilosofie 610 00$aphilosophy 610 00$awiskunde 610 00$amathematics 610 00$alogica 610 00$alogic 610 10$aLogic 610 20$aMathematics (General) 610 10$aLogica 610 20$aWiskunde (algemeen) 615 0$aLogic 615 0$aPhilosophy 615 6$aLogique 615 6$aPhilosophie 615 7$aLogic 615 7$aPhilosophy 676 $a100 712 02$aPolska Akademia Nauk.$bKomitet Filozoficzny. 712 02$aInstytut Filozofii i Socjologii (Polska Akademia Nauk) 712 02$aPolskie Towarzystwo Logiki i Filozofii Nauki. 906 $aJOURNAL 912 $a996216549803316 996 $aStudia logica$9786127 997 $aUNISA LEADER 05098nam 22006255 450 001 9911007473503321 005 20250525130209.0 010 $a3-031-88527-9 024 7 $a10.1007/978-3-031-88527-3 035 $a(CKB)39124541900041 035 $a(DE-He213)978-3-031-88527-3 035 $a(MiAaPQ)EBC32130313 035 $a(Au-PeEL)EBL32130313 035 $a(OCoLC)1521935742 035 $a(EXLCZ)9939124541900041 100 $a20250525d2025 u| 0 101 0 $aeng 135 $aur||||||||||| 181 $ctxt$2rdacontent 182 $cc$2rdamedia 183 $acr$2rdacarrier 200 10$aBetween Markets and Governments $eAn Institutional Analysis of Development Banking and Economics in Greece /$fby Konstantinos Loizos 205 $a1st ed. 2025. 210 1$aCham :$cSpringer Nature Switzerland :$cImprint: Palgrave Macmillan,$d2025. 215 $a1 online resource (XXI, 342 p. 60 illus.) 311 08$a3-031-88526-0 327 $a1. Development banking in the history of economic development -- 2. Development finance and financial development in economic theory and policy: the importance of institutions -- 3. The static perspective: transactions and governance -- 4. The dynamic perspective: habits and cognition -- 5. An institutional model of development banking -- 6. The Greek economy 1950s ? 2020s: The great transformation -- 7. Institutional development and alternative financial regimes -- 8. The ?classical? period of development banking in Greece (1963-2002) -- 9. The 2003-2017 interval in development finance and the ?revival? of development banking in Greece within the European context (2018 ? today) -- 10. Conclusions and policy implications. 330 $a"Drawing from the rich tradition of institutional economics, Loizos meets modern challenges, proposing refashioned development banks: intermediaries between private and public interest; promoters of ?patient finance?; managers of learning-by-doing. This persuasive, well-researched book offers high value to multiple audiences - investors, academics, policymakers." ?Stavros B. Thomadakis, Emeritus Professor of Economics, University of Athens, and former Chairman, Hellenic Capital Market Commission and International Ethics Standards Board for Accountants "A highly important contribution written from the perspective of institutional economics, that combines theoretical insights on development banking with an extensive discussion of the case of Greece. The years of Greek industrial expansion from the early 1960s to the global financial crisis and resurrection efforts after 2019 are thoroughly analyzed." ?Michalis Psalidopoulos, Emeritus Professor of Economics, University of Athens, and Advisor, Institute for Hellenic Growth and Prosperity, American College of Greece This book proposes an institutional economics approach to development banking in the wake of the 2008 Financial Crisis. The role of national development banks in countering the adverse effects of economic recession is highlighted, alongside ways in which they can contribute to sustainable economic development and institutional change. Through acknowledging the distinctive features of development banks, a new theoretical model for development banking is presented. The proposed model is applied to a case study of the Greek economic development during the post-war period until the early 2020s. The role of development banks in the socio-economic transformation of the country is analyzed along with the evolution of development banking as the economy went through different financial regimes. This book aims to provide a modern framework for understanding the mechanisms for financing economic development and promoting institutional change. It will be relevant to researchers and policymakers interested in development and financial economics. Konstantinos Loizos is Senior Research Fellow at the Centre of Planning and Economic Research (KEPE) and Visiting Lecturer in Banking at the Department of Economics, National and Kapodistrian University of Athens, Greece. 606 $aDevelopment economics 606 $aFinance 606 $aEvolutionary economics 606 $aInstitutional economics 606 $aEconomics 606 $aDevelopment Economics 606 $aFinancial Economics 606 $aInstitutional and Evolutionary Economics 606 $aPolitical Economy and Economic Systems 615 0$aDevelopment economics. 615 0$aFinance. 615 0$aEvolutionary economics. 615 0$aInstitutional economics. 615 0$aEconomics. 615 14$aDevelopment Economics. 615 24$aFinancial Economics. 615 24$aInstitutional and Evolutionary Economics. 615 24$aPolitical Economy and Economic Systems. 676 $a338.9 700 $aLoizos$b Konstantinos$4aut$4http://id.loc.gov/vocabulary/relators/aut$01825368 801 0$bMiAaPQ 801 1$bMiAaPQ 801 2$bMiAaPQ 906 $aBOOK 912 $a9911007473503321 996 $aBetween Markets and Governments$94392958 997 $aUNINA